| 000 | 01170cab a2200265 4500 | ||
|---|---|---|---|
| 001 | ABS54412 | ||
| 008 | 090401t1996 xxu||||| |||| 00| 0 eng d | ||
| 035 | _a(Sirsi) u10174 | ||
| 041 | _aeng | ||
| 245 | _aHeathcote and another v David Marks & Co | ||
| 260 | _c1996 | ||
| 350 | _a0 | ||
| 490 |
_aEstates Gazette _v(1996) 03 EG 128-131(4) |
||
| 520 | _aQBD 13 December 1994. Claim for damages for negligent mortgage valuations report carried out in 1983 making no reference to any structural defects. In 1985 the property was deemed to be unsuitable for security for remortgaging due to cracking. Held that H`s knowledge for purpose of Limitation Act 1980 s14A included their solicitors report from a valuation surveyor and therefore had sufficient knowledge in 1985 to justify embarking on the preliminaries to the issue of the writ. | ||
| 650 | _aLIMITATION ACT 1980 S14A | ||
| 650 | _aLIMITATION PERIOD | ||
| 650 | _aMORTGAGE VALUATIONS | ||
| 650 | _aNEGLIGENCE | ||
| 650 | _aSTRUCTURAL DEFECTS | ||
| 650 | _aSURVEY REPORT | ||
| 650 | _aVALUERS | ||
| 690 | _aMANAGEMENT-BUSINESS MANAGEMENT-PROFESSIONAL PRACTICE | ||
| 942 | _n0 | ||
| 948 | _c04/03/1997 | ||
| 999 |
_c6396 _d6396 |
||